[Event "European Youth Chess Championship B12"]
[Site "Prague, Top Hotel Prague"]
[Date "2012.08.24"]
[Round "8.29"]
[White "Bukia, Koka"]
[Black "Janik, Igor"]
[Result "0-1"]
[WhiteElo "1643"]
[BlackElo "1818"]
[PlyCount "74"]
[EventDate "2012.08.17"]

1. c4 Nf6 2. Nc3 g6 3. g3 Bg7 4. Bg2 O-O 5. Nf3 Re8 6. O-O e5 7. d3 c6 8. Rb1
d5 9. Bg5 h6 10. Bxf6 Bxf6 11. Nd2 d4 12. Nce4 Be7 13. Nf3 f5 14. Nxe5 fxe4 15.
Nxg6 Bf5 16. Bxe4 Bxe4 17. dxe4 Qd6 18. Nxe7+ Rxe7 19. f3 c5 20. Qd2 Nc6 21. b3
Kh7 22. Rbd1 Rg8 23. Kh1 Qe6 24. Rf2 Rf7 25. Qc2 Ne5 26. Rdf1 Kh8 27. Qb1 Qh3
28. Rg2 Rgf8 29. f4 Ng4 30. Rf3 Ne3 31. Rgf2 Qe6 32. e5 Qc6 33. Kg1 Rf5 34. h3
h5 35. Kh2 Ng4+ 36. hxg4 hxg4 37. Kg2 Kg7 0-1

[Event "European Youth Chess Championship B12"]
[Site "Prague, Top Hotel Prague"]
[Date "2012.08.24"]
[Round "8.30"]
[White "Poleg, Dan"]
[Black "Bilczewski, Kacper"]
[Result "1-0"]
[WhiteElo "1806"]
[BlackElo "1673"]
[PlyCount "69"]
[EventDate "2012.08.17"]

1. e4 e5 2. Nf3 Nc6 3. d4 exd4 4. Nxd4 Nf6 5. Nxc6 bxc6 6. e5 Qe7 7. Qe2 Nd5 8.
c4 Ba6 9. b3 O-O-O 10. g3 g5 11. Bg2 Bg7 12. Bb2 Rde8 13. O-O Bxe5 14. Bxe5
Qxe5 15. Qxe5 Rxe5 16. cxd5 Bxf1 17. Kxf1 cxd5 18. Nd2 g4 19. h3 h5 20. h4 c6
21. b4 Kb7 22. a4 d6 23. b5 Rc8 24. Rb1 c5 25. Nc4 Rd8 26. Nxe5 dxe5 27. Rd1
Kb6 28. Rxd5 Re8 29. Rd6+ Ka5 30. Ra6+ Kb4 31. Rxa7 c4 32. Rc7 f5 33. Bd5 Kxa4
34. b6 Rb8 35. b7 1-0

[Event "European Youth Chess Championship B12"]
[Site "Prague, Top Hotel Prague"]
[Date "2012.08.24"]
[Round "8.34"]
[White "Navrodskiy, Boris"]
[Black "Akdogan, Alperen"]
[Result "1-0"]
[WhiteElo "1953"]
[BlackElo "1736"]
[PlyCount "89"]
[EventDate "2012.08.17"]

1. d4 d5 2. c4 e6 3. Nc3 Nf6 4. cxd5 exd5 5. Bg5 Be7 6. e3 c6 7. Bd3 O-O 8.
Nge2 Nbd7 9. O-O Re8 10. Qc2 Nf8 11. f3 g6 12. Bh4 Ne6 13. Bf2 b6 14. Kh1 Bb7
15. e4 Rc8 16. Rad1 Nh5 17. Be3 dxe4 18. fxe4 Bg5 19. Bxg5 Qxg5 20. Bc4 Re7 21.
Bxe6 Rxe6 22. Qa4 a6 23. Qb3 b5 24. a4 Rce8 25. axb5 axb5 26. Rf3 Kg7 27. Rdf1
f5 28. Ng3 Nxg3+ 29. Rxg3 Qf6 30. Rgf3 Qxd4 31. exf5 Rf6 32. h3 Ref8 33. Ne2
Qd2 34. Nf4 Bc8 35. Rd1 Qa5 36. Ne6+ Bxe6 37. fxe6 Rd8 38. Rd7+ Rxd7 39. exd7
Qd8 40. Qc3 Kf7 41. Qxf6+ Qxf6 42. Rxf6+ Ke7 43. Rxc6 Kxd7 44. Rb6 g5 45. Rxb5
1-0

[Event "European Youth Chess Championship B12"]
[Site "Prague, Top Hotel Prague"]
[Date "2012.08.24"]
[Round "8.35"]
[White "Savic, Mihailo S"]
[Black "Ovsepyan, Arshak"]
[Result "0-1"]
[WhiteElo "1733"]
[BlackElo "1951"]
[PlyCount "60"]
[EventDate "2012.08.17"]

1. e4 e6 2. d4 d5 3. Nc3 Nf6 4. e5 Nfd7 5. f4 c5 6. Nf3 Nc6 7. Be3 Be7 8. Qd2
a6 9. O-O-O c4 10. f5 b5 11. fxe6 fxe6 12. Ne2 b4 13. Bg5 c3 14. Qf4 cxb2+ 15.
Kb1 h6 16. Bxe7 Qxe7 17. h4 Nb6 18. h5 Rf8 19. Qg3 Na4 20. Nh4 Qc7 21. Ng6 Rf5
22. Qb3 Bd7 23. g4 Rf7 24. Rh3 a5 25. Rf3 Rxf3 26. Qxf3 O-O-O 27. Qd3 Na7 28.
Qe3 Nb5 29. Rd3 Nbc3+ 30. Nxc3 bxc3 0-1

[Event "European Youth Chess Championship B12"]
[Site "Prague, Top Hotel Prague"]
[Date "2012.08.24"]
[Round "8.36"]
[White "Demirbag, Alihan"]
[Black "Merkesvik, Sondre"]
[Result "1/2-1/2"]
[WhiteElo "1686"]
[BlackElo "1902"]
[PlyCount "161"]
[EventDate "2012.08.17"]

1. Nf3 Nf6 2. g3 g6 3. Bg2 Bg7 4. O-O c5 5. d3 O-O 6. e4 Nc6 7. Nbd2 d5 8. exd5
Nxd5 9. Re1 b6 10. a4 Bb7 11. Nc4 Re8 12. c3 Qc7 13. Qc2 Rad8 14. Bd2 Bc8 15.
Rad1 Bf5 16. Bc1 a6 17. Qe2 b5 18. axb5 axb5 19. Ne3 Nxe3 20. Bxe3 b4 21. d4
bxc3 22. bxc3 cxd4 23. cxd4 e5 24. dxe5 Rxd1 25. Rxd1 Nxe5 26. Nxe5 Qxe5 27.
Qd2 Bg4 28. Rc1 Be6 29. Bf4 Qh5 30. h4 Bf6 31. Qb4 Kg7 32. Be3 Rd8 33. Qf4 Be5
34. Qf3 Bg4 35. Qe4 Be6 36. Bf3 Qf5 37. Qxf5 Bxf5 38. Kg2 h5 39. Rd1 Rc8 40.
Bd4 Bxd4 41. Rxd4 Rc3 42. Rd6 Ra3 43. Rb6 Rd3 44. Ra6 Be6 45. Rb6 Kf8 46. Rb7
Kg7 47. Rb6 Kf6 48. g4 hxg4 49. Bxg4 Rd4 50. Bxe6 fxe6 51. Kg3 Kf5 52. Rb5+ e5
53. f3 Rd3 54. Rb8 Kf6 55. Rb6+ Kf5 56. Rb8 Rd6 57. Rf8+ Ke6 58. Rb8 Kf6 59.
Rf8+ Ke7 60. Rb8 Kd7 61. h5 gxh5 62. Rh8 Rg6+ 63. Kh4 Ke6 64. Rxh5 Rg1 65. Rg5
Rf1 66. Kg3 Rg1+ 67. Kh4 Rh1+ 68. Kg3 Kf6 69. Kg2 Rh8 70. Rg4 Kf5 71. Rb4 Rd8
72. Ra4 Rd2+ 73. Kf1 Rd3 74. Ke2 Rb3 75. Kf2 Rb2+ 76. Kf1 Rd2 77. Rb4 Rd4 78.
Rxd4 exd4 79. Ke2 Kf4 80. Kd3 Kxf3 81. Kxd4 1/2-1/2

[Event "European Youth Chess Championship B12"]
[Site "Prague, Top Hotel Prague"]
[Date "2012.08.24"]
[Round "8.37"]
[White "Lodici, Lorenzo"]
[Black "Gupta, Arul"]
[Result "1-0"]
[WhiteElo "1878"]
[BlackElo "1728"]
[PlyCount "41"]
[EventDate "2012.08.17"]

1. d4 d5 2. c4 e6 3. Nc3 Nf6 4. cxd5 exd5 5. Bg5 Be7 6. e3 O-O 7. Bd3 Nbd7 8.
Nge2 b6 9. Ng3 h6 10. Bf4 Bb7 11. Nf5 c5 12. Qf3 cxd4 13. exd4 Re8 14. O-O Bf8
15. Nb5 Ne4 16. Nc7 Nd2 17. Qg3 Nxf1 18. Nxh6+ Kh8 19. Nxf7+ Kg8 20. Nh6+ Kh8
21. Qg6 1-0

[Event "European Youth Chess Championship B12"]
[Site "Prague, Top Hotel Prague"]
[Date "2012.08.24"]
[Round "8.38"]
[White "Nussbaumer, Patrick"]
[Black "Porta Tovar, Guillem"]
[Result "0-1"]
[WhiteElo "1679"]
[BlackElo "1865"]
[PlyCount "46"]
[EventDate "2012.08.17"]

1. e4 e5 2. Nf3 Nc6 3. Bc4 Bc5 4. c3 Nf6 5. d3 d6 6. Bb3 Be6 7. Nbd2 O-O 8. O-O
Bxb3 9. Nxb3 Bb6 10. Bg5 h6 11. Bh4 Kh8 12. Re1 g5 13. Bg3 Rg8 14. d4 Qe7 15.
dxe5 dxe5 16. Nbd2 h5 17. Nc4 h4 18. Bxe5 g4 19. Bxf6+ Qxf6 20. Nxb6 gxf3 21.
Nxa8 Rxg2+ 22. Kh1 Qf4 23. Qd4+ Nxd4 0-1

[Event "European Youth Chess Championship B12"]
[Site "Prague, Top Hotel Prague"]
[Date "2012.08.24"]
[Round "8.39"]
[White "Anaskin, Arsenij"]
[Black "Aykol, Can"]
[Result "1/2-1/2"]
[WhiteElo "1861"]
[BlackElo "1722"]
[PlyCount "66"]
[EventDate "2012.08.17"]

1. e4 c5 2. Nf3 Nc6 3. d4 cxd4 4. Nxd4 g6 5. Nc3 Bg7 6. Be3 Nf6 7. Bc4 Qa5 8.
O-O O-O 9. Bb3 d6 10. f3 Bd7 11. Kh1 Rac8 12. Bg1 Ne5 13. f4 Nc4 14. Bxc4 Rxc4
15. Nb3 Qc7 16. Qd3 Rc8 17. Bd4 e5 18. fxe5 dxe5 19. Bc5 Rxc5 20. Nxc5 Qxc5 21.
Rxf6 Bxf6 22. Qxd7 Rd8 23. Qxb7 Rd2 24. Nd5 Bg5 25. Qb8+ Kg7 26. Qxe5+ Kh6 27.
Nf6 Rxc2 28. Ng4+ Kh5 29. Nf6+ Kh6 30. Ng4+ Kh5 31. Nf6+ Kh6 32. Ng4+ Kh5 33.
Nf6+ Kh6 1/2-1/2

[Event "European Youth Chess Championship B12"]
[Site "Prague, Top Hotel Prague"]
[Date "2012.08.24"]
[Round "8.40"]
[White "Brejnik, Gustav"]
[Black "Ozcan, Bora"]
[Result "1/2-1/2"]
[WhiteElo "1846"]
[BlackElo "1681"]
[PlyCount "81"]
[EventDate "2012.08.17"]

1. e4 e6 2. d4 d5 3. Nd2 c5 4. exd5 Qxd5 5. dxc5 Bxc5 6. Ngf3 Nf6 7. Bc4 Qd8 8.
O-O O-O 9. Qe2 Nbd7 10. Re1 Re8 11. Bd3 b6 12. Ne4 Be7 13. Bg5 Bb7 14. Rad1 Qc7
15. Nxf6+ Bxf6 16. Bxf6 Nxf6 17. Ne5 Red8 18. c4 Rd6 19. Qe3 Rad8 20. Rc1 Qc5
21. Qxc5 bxc5 22. Rc3 Nh5 23. Bxh7+ Kxh7 24. Rh3 Rd1 25. Rxh5+ Kg8 26. Rf1 R1d2
27. Nf3 Bxf3 28. gxf3 Rxb2 29. Rxc5 Rxa2 30. Rc7 a5 31. c5 Rc2 32. Ra1 Rdd2 33.
Rxa5 Rxf2 34. Ra8+ Kh7 35. Rxf7 Rg2+ 36. Kh1 Rxh2+ 37. Kg1 Rhd2 38. Ra1 Rxc5
39. Re7 Re5 40. Kf1 Ree2 41. Raa7 1/2-1/2

[Event "European Youth Chess Championship B12"]
[Site "Prague, Top Hotel Prague"]
[Date "2012.08.24"]
[Round "8.43"]
[White "Stoliarenko, Ivan"]
[Black "Sandu, Marian-Catalin"]
[Result "1-0"]
[WhiteElo "1641"]
[BlackElo "1815"]
[PlyCount "67"]
[EventDate "2012.08.17"]

1. e4 e6 2. d4 d5 3. Nc3 Bb4 4. Bd2 dxe4 5. Nxe4 Qxd4 6. Nc3 Bxc3 7. Bxc3 Qxd1+
8. Rxd1 Nf6 9. Nf3 Nc6 10. Bb5 Bd7 11. O-O a6 12. Bd3 h6 13. Rd2 O-O-O 14. Rfd1
Rhe8 15. Be5 Nxe5 16. Nxe5 Re7 17. c4 Be8 18. c5 Nd7 19. Bxa6 Kb8 20. c6 f6 21.
Nxd7+ Bxd7 22. Rxd7 Rexd7 23. Rxd7 Re8 24. Bxb7 e5 25. Rxg7 f5 26. Rg3 Rd8 27.
h3 Ka7 28. Rg7 Kb6 29. Re7 e4 30. Re5 Rf8 31. a4 h5 32. b4 h4 33. Rb5+ Ka7 34.
Ra5+ 1-0

[Event "European Youth Chess Championship B12"]
[Site "Prague, Top Hotel Prague"]
[Date "2012.08.24"]
[Round "8.46"]
[White "Kadlec, Daniel"]
[Black "Abramov, Nikita"]
[Result "1/2-1/2"]
[WhiteElo "1651"]
[BlackElo "1970"]
[PlyCount "99"]
[EventDate "2012.08.17"]

1. e4 e6 2. d4 d5 3. Nd2 a6 4. Ngf3 c5 5. exd5 exd5 6. dxc5 Bxc5 7. Nb3 Ba7 8.
Bd3 Ne7 9. O-O Bg4 10. Re1 Nbc6 11. Be3 Bxe3 12. Rxe3 h6 13. h3 Bd7 14. Nc5 Bc8
15. Qd2 O-O 16. Rae1 Qd6 17. Nb3 Bf5 18. Nbd4 Bxd3 19. Qxd3 Nxd4 20. Nxd4 Ng6
21. Nf5 Qf6 22. c3 Nf4 23. Qc2 Ne6 24. Rg3 Kh8 25. Ree3 Rad8 26. Rg4 Rfe8 27.
h4 h5 28. Rb4 b5 29. Rf3 Qe5 30. Re3 Qc7 31. Qe2 g6 32. Nd4 Ng7 33. Qf3 Rxe3
34. Qxe3 Re8 35. Qh6+ Kg8 36. Nf3 Re2 37. Qg5 Nf5 38. Kf1 Re8 39. Qd2 a5 40.
Rf4 Rd8 41. Nd4 Qc4+ 42. Kg1 Nxd4 43. Qxd4 Qxa2 44. Qb6 Re8 45. Qxb5 Re1+ 46.
Kh2 Re7 47. Qb8+ Kg7 48. Qb6 Rd7 49. Qb5 Re7 50. Qb6 1/2-1/2

[Event "European Youth Chess Championship B12"]
[Site "Prague, Top Hotel Prague"]
[Date "2012.08.24"]
[Round "8.47"]
[White "Mohammad, Fahim"]
[Black "Danis, Hrisovalantis"]
[Result "1-0"]
[WhiteElo "1917"]
[BlackElo "1629"]
[PlyCount "45"]
[EventDate "2012.08.17"]

1. d4 Nf6 2. c4 e6 3. Nf3 c5 4. d5 b5 5. Bg5 exd5 6. cxd5 d6 7. e3 a6 8. a4 Be7
9. axb5 Bb7 10. Nc3 O-O 11. e4 axb5 12. Rxa8 Bxa8 13. Bxb5 Nxd5 14. Nxd5 Bxg5
15. O-O Bf6 16. b3 Nc6 17. Bxc6 Bxc6 18. Qd2 Re8 19. Re1 Be5 20. g3 Qa8 21. Nc7
Qd8 22. Nxe8 Qxe8 23. Qd3 1-0

[Event "European Youth Chess Championship B12"]
[Site "Prague, Top Hotel Prague"]
[Date "2012.08.24"]
[Round "8.48"]
[White "Wyczling, Bartosz"]
[Black "Novy, Filip"]
[Result "0-1"]
[WhiteElo "1616"]
[BlackElo "1875"]
[PlyCount "76"]
[EventDate "2012.08.17"]

1. d4 Nf6 2. c4 g6 3. Nc3 Bg7 4. e4 d6 5. f3 c6 6. Bg5 a6 7. Qd2 b5 8. O-O-O
Qa5 9. e5 dxe5 10. dxe5 Nfd7 11. f4 b4 12. Ne4 c5 13. Kb1 Bb7 14. Bd3 Nc6 15.
Nf3 O-O-O 16. Rhe1 Nf8 17. Bxe7 Nxe7 18. Nd6+ Rxd6 19. exd6 Nc6 20. Ne5 Nxe5
21. fxe5 Qd8 22. Be4 Qd7 23. Bxb7+ Qxb7 24. Qf2 Nd7 25. Qxf7 Bxe5 26. Qe6 Bf6
27. Rf1 Be5 28. Rfe1 Bf6 29. Rd5 Qc6 30. Rf1 Rf8 31. Rd2 Kd8 32. Rdf2 Re8 33.
Qd5 Qxd5 34. cxd5 Bd4 35. Rd2 Ne5 36. h3 Nc4 37. Rd3 Re2 38. Rb3 Nd2+ 0-1

[Event "European Youth Chess Championship B12"]
[Site "Prague, Top Hotel Prague"]
[Date "2012.08.24"]
[Round "8.50"]
[White "Machlik, Endre"]
[Black "Toth, Tamas"]
[Result "1/2-1/2"]
[WhiteElo "1559"]
[BlackElo "1826"]
[PlyCount "81"]
[EventDate "2012.08.17"]

1. d4 d5 2. c4 c6 3. Nf3 Nf6 4. Nc3 e6 5. e3 Nbd7 6. Bd3 Bd6 7. O-O O-O 8. Re1
e5 9. dxe5 Nxe5 10. cxd5 cxd5 11. Nd4 Re8 12. Nde2 Nxd3 13. Qxd3 a6 14. Rd1 Qc7
15. Ng3 Be6 16. f4 Bg4 17. Rf1 Qc4 18. Qxc4 dxc4 19. e4 Bb4 20. e5 Bxc3 21.
bxc3 Nd5 22. h3 Bd7 23. Ne4 Bc6 24. Nd6 Red8 25. Bb2 Ne3 26. Rf2 b5 27. Re1 Nd5
28. a3 Nb6 29. Rc2 Nc8 30. Rd2 Nxd6 31. exd6 Ra7 32. Kf2 Rad7 33. Red1 Be4 34.
Rd4 Bd3 35. Re1 h6 36. Re7 Rxd6 37. Rxd6 Rxd6 38. Re8+ Kh7 39. Bc1 Kg6 40. Be3
f6 41. Re7 1/2-1/2

[Event "European Youth Chess Championship B12"]
[Site "Prague, Top Hotel Prague"]
[Date "2012.08.24"]
[Round "8.51"]
[White "Yordanov, Daniel-Adrian"]
[Black "Zamar Kodelja, Jurij"]
[Result "1-0"]
[WhiteElo "1520"]
[BlackElo "1778"]
[PlyCount "111"]
[EventDate "2012.08.17"]

1. e4 c5 2. Nc3 Nc6 3. g3 g6 4. Bg2 Bg7 5. Nge2 Rb8 6. O-O b5 7. d3 b4 8. Nb1
e6 9. Nd2 Nge7 10. Rb1 a5 11. Nf3 Ba6 12. Be3 d6 13. Qd2 O-O 14. Bh6 e5 15.
Bxg7 Kxg7 16. Qg5 h6 17. Qd2 Bc8 18. Ne1 Qb6 19. Kh1 f5 20. f4 a4 21. Nf3 Be6
22. Ra1 b3 23. axb3 axb3 24. c3 Ra8 25. Rxa8 Rxa8 26. exf5 Bxf5 27. fxe5 dxe5
28. Nxe5 Rd8 29. Nc4 Qa6 30. Nc1 Qxc4 31. Qf2 Qe6 32. Qxc5 Qd6 33. Qf2 Ne5 34.
d4 Ng4 35. Qd2 Nd5 36. Re1 Nge3 37. Rxe3 Nxe3 38. Qxe3 Qe6 39. Qxe6 Bxe6 40.
Kg1 Bc4 41. Bf1 Bxf1 42. Kxf1 Rb8 43. Ke2 Kf6 44. Kd3 Ke6 45. Kc4 Rf8 46. Nxb3
Rf2 47. Nc5+ Ke7 48. b4 Rxh2 49. Kd5 Rb2 50. Kc6 Rc2 51. d5 Rxc3 52. b5 Rc1 53.
b6 Kd8 54. d6 Kc8 55. d7+ Kd8 56. b7 1-0

[Event "European Youth Chess Championship B12"]
[Site "Prague, Top Hotel Prague"]
[Date "2012.08.24"]
[Round "8.52"]
[White "Pulpan, Matej"]
[Black "De Ridder, Thibaut"]
[Result "1-0"]
[WhiteElo "1769"]
[BlackElo "1538"]
[PlyCount "45"]
[EventDate "2012.08.17"]

1. e4 c5 2. c3 d5 3. exd5 Qxd5 4. d4 e6 5. Nf3 Nc6 6. Be2 Be7 7. O-O b6 8. Be3
cxd4 9. cxd4 Nf6 10. Nc3 Qd7 11. Bb5 Bd6 12. Qa4 Bb7 13. Ne5 Bxe5 14. dxe5 Ng8
15. Ne4 Nge7 16. Nd6+ Kf8 17. Rad1 a6 18. Nxb7 Qxb7 19. Bxc6 Nxc6 20. Rd6 b5
21. Qe4 Na5 22. Qb4 Nc6 23. Rd8# 1-0

[Event "European Youth Chess Championship B12"]
[Site "Prague, Top Hotel Prague"]
[Date "2012.08.24"]
[Round "8.56"]
[White "Nguyen, Nam-Khang"]
[Black "Pilch, David"]
[Result "1-0"]
[WhiteElo "1907"]
[BlackElo "1603"]
[PlyCount "147"]
[EventDate "2012.08.17"]

1. e4 d5 2. exd5 Nf6 3. d4 Nxd5 4. c4 Nf6 5. Nc3 Bf5 6. Nf3 e6 7. Bd3 Bxd3 8.
Qxd3 Nbd7 9. O-O Be7 10. Rd1 O-O 11. Bf4 c6 12. Rac1 Qb6 13. b3 Rfd8 14. Qe2
Nf8 15. h3 Ng6 16. Be3 Qc7 17. Nh2 Bd6 18. Ng4 Nxg4 19. Qxg4 Bf4 20. Bxf4 Qxf4
21. Qxf4 Nxf4 22. Kh2 Rd7 23. g3 Ng6 24. d5 exd5 25. cxd5 cxd5 26. Nxd5 Rad8
27. Ne3 Rxd1 28. Nxd1 Rd2 29. a4 h6 30. Kg2 Rd7 31. Ne3 Ne5 32. Rc8+ Kh7 33.
Rc3 Rd3 34. Rxd3 Nxd3 35. Kf3 Nc5 36. b4 Nxa4 37. Ke4 Kg6 38. Kd4 Nb6 39. Nd5
Nd7 40. Ne7+ Kf6 41. Nc8 a6 42. Kd5 Ne5 43. f4 Nc6 44. Kc5 g5 45. f5 Kxf5 46.
Nd6+ Ke6 47. Nxb7 Nxb4 48. Kxb4 Ke5 49. Kc3 Ke4 50. Nd6+ Kf3 51. g4 Kg3 52.
Nxf7 Kxh3 53. Nxh6 Kg3 54. Kb4 Kf4 55. Ka5 Ke5 56. Kxa6 Kf6 57. Kb6 Kg6 58. Nf5
Kf6 59. Kc5 Ke5 60. Kc6 Ke6 61. Kc7 Kf7 62. Kd7 Kf6 63. Kd6 Kf7 64. Ke5 Kg6 65.
Ke6 Kh7 66. Kf6 Kg8 67. Kxg5 Kf7 68. Kh6 Kg8 69. Kg6 Kh8 70. Kf7 Kh7 71. g5 Kh8
72. Ne3 Kh7 73. g6+ Kh8 74. g7+ 1-0

[Event "European Youth Chess Championship B12"]
[Site "Prague, Top Hotel Prague"]
[Date "2012.08.24"]
[Round "8.57"]
[White "Wallmueller, Peter"]
[Black "Muha, Miljenko"]
[Result "1-0"]
[WhiteElo "1589"]
[BlackElo "1840"]
[PlyCount "47"]
[EventDate "2012.08.17"]

1. d4 d5 2. c4 c6 3. Nf3 Nf6 4. e3 a6 5. Nc3 b5 6. b3 Bg4 7. Be2 Nbd7 8. O-O e6
9. Bb2 Bd6 10. Ne5 Bxe2 11. Nxe2 Rc8 12. f4 O-O 13. Ng3 bxc4 14. bxc4 c5 15.
Nxd7 Qxd7 16. dxc5 Bxc5 17. Bxf6 Bxe3+ 18. Kh1 gxf6 19. Nh5 Kh8 20. Qd3 Qe7 21.
Qxe3 Rxc4 22. Rac1 Re4 23. Qg3 Rg8 24. Rc8 1-0

[Event "European Youth Chess Championship B12"]
[Site "Prague, Top Hotel Prague"]
[Date "2012.08.24"]
[Round "8.59"]
[White "Petersson, Baldur Teodor"]
[Black "Parizek, Vojtech"]
[Result "0-1"]
[WhiteElo "1555"]
[BlackElo "1737"]
[PlyCount "40"]
[EventDate "2012.08.17"]

1. e4 c5 2. Nf3 Nc6 3. d4 cxd4 4. Nxd4 Nf6 5. Nc3 e5 6. Nf3 Bb4 7. Bd3 d5 8.
Bd2 Bxc3 9. Bxc3 dxe4 10. Nxe5 exd3 11. Nxc6 bxc6 12. O-O O-O 13. cxd3 Ba6 14.
Re1 Nd5 15. d4 Qd6 16. Re4 Rfe8 17. Rh4 Qf6 18. g3 Re2 19. Be1 Rae8 20. Qb1 h6
0-1

[Event "European Youth Chess Championship B12"]
[Site "Prague, Top Hotel Prague"]
[Date "2012.08.24"]
[Round "8.61"]
[White "Ozbulur, Kerim Uygar"]
[Black "Sofiychuk, Anatoly"]
[Result "1/2-1/2"]
[WhiteElo "1444"]
[BlackElo "1682"]
[PlyCount "96"]
[EventDate "2012.08.17"]

1. d4 Nf6 2. Nf3 g6 3. c4 Bg7 4. Nc3 d6 5. e4 O-O 6. Be2 e5 7. O-O Re8 8. dxe5
dxe5 9. Qxd8 Rxd8 10. Bg5 c6 11. Rad1 Rf8 12. Nxe5 Nxe4 13. Nxe4 Bxe5 14. Nd6
Bxd6 15. Rxd6 Nd7 16. Rfd1 Re8 17. Kf1 Nf8 18. Rd8 Rxd8 19. Rxd8 Kg7 20. Bh6+
Kxh6 21. Rxf8 Kg7 22. Rd8 b6 23. Bf3 Bb7 24. Rxa8 Bxa8 25. Ke2 Kf6 26. Ke3 Ke5
27. b4 f5 28. g3 h6 29. a4 a6 30. b5 axb5 31. axb5 Kd6 32. bxc6 Bxc6 33. Bxc6
Kxc6 34. Kd4 g5 35. f4 gxf4 36. gxf4 Kd6 37. Kd3 Kc6 38. h3 h5 39. h4 Kc5 40.
Kc3 Kd6 41. Kd4 Ke6 42. c5 b5 43. c6 Kd6 44. c7 Kxc7 45. Kc5 Kd7 46. Kxb5 Kd6
47. Kc4 Kc6 48. Kd4 Kd6 1/2-1/2